000 00713pam a2200241 a 4500
001 12540
003 OSt
005 20160301154423.0
008 810728s1982 nyua b 001 0 eng
020 _a0060416521
040 _aDLC
_cDLC
_dDLC
050 0 0 _aP90
_b.D48 1982
082 0 0 _a302.2
_219
100 1 _aDeVito, Joseph A.,
_d1938-
245 1 0 _aCommunicology :
_ban introduction to the study of communication /
_cJoseph A. DeVito.
250 _a2nd ed.
260 _aNew York :
_bHarper & Row,
_cc1982.
300 _axvii, 584 p. :
_bill. ;
_c24 cm.
504 _aIncludes bibliographies and indexes.
650 0 _aCommunication.
906 _a7
_bcbc
_corignew
_d1
_eocip
_f19
_gy-gencatlg
942 _2ddc
_cCIRC
999 _c5445
_d5445